Estados Brasileiros por PIB - Em Ordem - Statistics

Estatísticas Gerais
  • Esse quiz foi jogado 291 vezes
  • A pontuação média é 24 de 27
Estatísticas das Respostas
Região PIB (em R$) Resposta % Correto
Sudeste 779,9 Bilhões Rio de Janeiro
100%
Sudeste 2,3 Trilhões São Paulo
100%
Sul 466,3 Bilhões Paraná
99%
Sul 482,4 Bilhões Rio Grande do Sul
99%
Nordeste 293,2 Bilhões Bahia
98%
Sudeste 651,8 Bilhões Minas Gerais
98%
Sul 323,2 Bilhões Santa Catarina
98%
Sudeste 137,3 Bilhões Espírito Santo
96%
Centro-Oeste 142,1 Bilhões Mato Grosso
96%
Centro-Oeste 273,6 Bilhões Distrito Federal
95%
Centro-Oeste 208,6 Bilhões Goiás
95%
Norte 178,3 Bilhões Pará
94%
Centro-Oeste 106,9 Bilhões Mato Grosso do Sul
93%
Nordeste 197,8 Bilhões Pernambuco
93%
Norte 108,1 Bilhões Amazonas
92%
Nordeste 163,5 Bilhões Ceará
92%
Nordeste 97,3 Bilhões Maranhão
86%
Nordeste 58,9 Bilhões Alagoas
84%
Nordeste 71,3 Bilhões Rio Grande do Norte
84%
Norte 47,0 Bilhões Rondônia
84%
Norte 15,6 Bilhões Acre
83%
Nordeste 67,9 Bilhões Paraíba
83%
Norte 14,2 Bilhões Roraima
83%
Nordeste 44,6 Bilhões Sergipe
81%
Nordeste 52,7 Bilhões Piauí
80%
Norte 17,4 Bilhões Amapá
78%
Norte 39,3 Bilhões Tocantins
77%
Nenhum quiz correspondente encontrado
Distribuição das Pontuações
Porcentagem de Pessoas com Cada Pontuação
Percentil de Números Respondidos
Sua Pontuação Histórica
Você não jogou esse quiz